[Event "UW Open"]
[Site "?"]
[Date "1973.12.01"]
[Round "2"]
[White "Dean, R."]
[Black "Bailey, B."]
[Result "0-1"]
[WhiteElo "2168"]
[BlackElo "1985"]
[Annotator "Stockfish 13 (15s)"]
[PlyCount "90"]
[EventDate "1973.??.??"]

{E66: King's Indian: Fianchetto: 6...c5 7 0-0 Nc6 8 d5} 1. Nf3 Nf6 2. g3 g6 3.
Bg2 Bg7 4. c4 d6 5. d4 O-O 6. Nc3 c5 7. O-O Nc6 8. d5 Na5 9. Nd2 e5 10. e4 a6
11. b3 (11. a3 b6 12. b4 Nb7 13. Rb1 Ne8 14. a4 cxb4 15. Rxb4 a5 16. Rb1 Nc5
17. Nb3 Bd7 {1/2-1/2 (17) Hansen,C (2545)-Rashkovsky,N (2520) Moscow 1989}) (
11. Rb1 b6 12. Qe2 Rb8 13. b3 Bg4 14. Qd3 Qd7 15. Re1 Bh3 16. Bh1 Nh5 17. Qe2
Bg4 18. f3 Bh3 19. Nd1 Qa7 20. Nf2 Bd7 21. Nf1 b5 22. Bg5 f6 23. Bd2 b4 24. f4
f5 25. exf5 Bxf5 {Makinen,I-Hartikainen,M (2262) Helsinki 1999 1/2-1/2 (51)})
11... Bd7 $146 (11... Rb8 12. Qc2 b5 13. Rb1 Bd7 14. Nd1 Nh5 15. Nb2 f5 16.
exf5 gxf5 17. f3 Qe8 18. Re1 Qg6 19. Nf1 bxc4 20. Nxc4 Nxc4 21. bxc4 Ba4 22.
Qd3 e4 23. fxe4 Rxb1 24. Qxb1 f4 25. gxf4 Nxf4 26. Ng3 {
Pelts,R-Gufeld,E Kiev 1964 0-1 (41)}) 12. Bb2 (12. Qe2 Rb8 $14) 12... b5 $14
13. Qc2 (13. Ne2 Nh5 $14) 13... bxc4 (13... Bh6 $5 14. Nd1 Nh5 $14) 14. bxc4
$14 Bh6 15. f4 (15. Ncb1 $5 $14) 15... exf4 16. gxf4 Nh5 17. Ne2 Bg4 18. Bf3
Bxf3 $4 (18... Qh4 19. Kh1 f5 $11 (19... Nxf4 $2 20. Qc3 f6 21. Bxg4 Qxg4 22.
Nxf4 Bxf4 23. Qxa5 $18)) 19. Rxf3 $16 (19. Nxf3 $143 Rb8 20. Rae1 Nxf4 $17)
19... Bxf4 $2 (19... Qh4 $142 20. Raf1 f5 $18) 20. Rxf4 $18 Qg5+ 21. Kh1 Nxf4
22. Rg1 Qh4 23. Qc3 f6 24. Nxf4 Qxf4 25. Qxa5 Rae8 (25... Qf2 26. Qc3 Rab8 $18)
26. Rf1 $4 (26. Qc3 $142 $18) 26... Qe3 $16 27. Rf3 (27. Qc3 $5 Qe2 28. Qc2 $16
) 27... Qe1+ $11 28. Rf1 Qe2 29. Kg1 (29. Bxf6 $2 Rxe4 30. Qc7 Rf7 31. Qb8+ Re8
$19) 29... Qg4+ 30. Kh1 Qe2 31. Rg1 $4 (31. Kg1 $142 $11) 31... Rxe4 $19 32.
Rg2 (32. Nxe4 Qxe4+ 33. Rg2 Qb1+ 34. Rg1 Qxb2 35. Qe1 Qxa2 36. Qe4 $19) 32...
Qd1+ 33. Rg1 Re1 34. Rxe1 Qxe1+ 35. Kg2 Re8 36. Bc3 (36. Be5 fxe5 37. Qc3 Rf8
38. Qf3 Qxd2+ 39. Kg3 Rxf3+ 40. Kxf3 Qxh2 41. Ke3 e4 42. Kxe4 Qg3 43. a3 Kf7
44. a4 Ke7 45. a5 g5 46. Kf5 Qf4#) 36... Re2+ (36... f5 37. Be5 Qxe5 38. a3 Qf4
39. Ne4 Rxe4 40. Qd8+ Kg7 41. Qd7+ Kh6 42. Qe6 Qg4+ 43. Kf2 Qe2+ 44. Kg3 Rg4+
45. Kh3 Qf3#) 37. Kh3 Re3+ 38. Kg2 Re2+ (38... Qe2+ 39. Kh1 Qd1+ 40. Kg2 Qg4+
41. Kf1 Qf5+ 42. Nf3 Rxf3+ 43. Ke1 Qb1+ 44. Kd2 Rd3+ 45. Ke2 Qd1+ 46. Kf2 Rf3+
47. Kg2 Qf1#) 39. Kh3 g5 (39... Re3+ 40. Kg2 Qe2+ 41. Kh1 Qd1+ 42. Kg2 Qg4+ 43.
Kf1 Qf5+ 44. Nf3 Rxf3+ 45. Ke1 Qb1+ 46. Kd2 Rd3+ 47. Ke2 Qd1+ 48. Kf2 Rf3+ 49.
Kg2 Qf1#) 40. Qd8+ $19 Re8 41. Qxf6 Qh4+ 42. Kg2 Re2+ 43. Kf3 Rf2+ (43... Qh5+
44. Kg3 Qxh2+ 45. Kg4 Rg2+ 46. Kf3 Qh3+ 47. Ke4 Re2#) 44. Ke3 Rxf6 45. Bxf6
Qf4+ (45... Qf4+ 46. Ke2 Qxf6 $19) 0-1

[Event "UW Open"]
[Site "?"]
[Date "1973.12.02"]
[Round "3"]
[White "Nedell, F."]
[Black "Bailey, B."]
[Result "1/2-1/2"]
[WhiteElo "2085"]
[BlackElo "1985"]
[Annotator "Stockfish 13 (15s)"]
[PlyCount "145"]
[EventDate "1973.??.??"]

{C50: Hungarian Defence and Giuoco Pianissimo} 1. e4 e5 2. Nf3 Nc6 3. Bc4 Bc5
4. O-O Nf6 5. d4 Bxd4 6. Nxd4 Nxd4 7. f4 d6 8. fxe5 dxe5 9. Bg5 Qe7 10. c3 Ne6
11. Bxe6 (11. Bxf6 gxf6 12. Kh1 Rg8 13. Nd2 Rg6 14. Nb3 c6 15. a4 Nf4 16. Rf2
Bg4 17. Qf1 O-O-O 18. h3 Bd7 19. Rd1 Rdg8 20. Rdd2 Bxh3 21. gxh3 Rg1+ 22. Qxg1
Rxg1+ 23. Kxg1 Nxh3+ 24. Kh2 Nxf2 25. Rxf2 a6 {
Arosemena,B-Fairley,N (1743) Turin 2006 0-1 (50)}) 11... Bxe6 12. Kh1 Qd7 13.
Bxf6 $146 (13. Qe2 O-O-O 14. Bxf6 gxf6 15. Na3 Qd2 16. Rae1 Qxe2 17. Rxe2 Bxa2
18. h3 Rd6 19. Ra1 Bb3 20. Nb5 Rd1+ 21. Rxd1 Bxd1 22. Rf2 Ba4 23. Na3 Bc6 24.
Rxf6 Bxe4 25. Rxf7 Bd3 26. Kg1 Re8 27. Kf2 a6 {
Zelcic,R (2415)-Giorgadze,G (2495) San Sebastian 1991 0-1 (40)}) (13. Qe1 Qb5
14. b4 Nh5 $19) 13... Qxd1 (13... gxf6 $6 14. Qxd7+ Kxd7 15. Rxf6 $19) 14. Rxd1
gxf6 15. Na3 c6 (15... Rd8 $142 16. Nc2 f5 17. exf5 Bxf5 18. Ne3 $19) 16. Rf1
$4 (16. Nc2 $19) 16... Ke7 17. Rf2 Rhg8 (17... Rhd8 $142 $5 18. Nc2 Rd3 19. Re2
$19) 18. h3 (18. Nc2 Rad8 19. Ne3 Rd3 $19) 18... Rg3 19. Nc2 Rag8 (19... Rd8
$142 20. Re1 Rgd3 $19) 20. Re1 a6 21. Ne3 Rd8 22. Kh2 Rgg8 23. a3 (23. Ree2
Bxa2 24. Nf5+ Ke6 $17) 23... Rd3 24. Ree2 b5 (24... h5 25. Rf3 Rd7 26. Ref2 $19
) 25. Re1 $2 (25. Rf3 Rdd8 $19) 25... Rgd8 (25... h5 26. Ree2 $19) 26. Ree2 (
26. Kg3 $5 Bc4 $19) 26... c5 $19 27. Kg3 (27. Kg1 a5 $19) 27... Rg8+ (27... b4
$5 28. cxb4 cxb4 29. axb4 $19) 28. Kh2 (28. Kh4 Rg6 $19) 28... a5 (28... h5
$142 $19) 29. Re1 $2 (29. Rf3 $142 $5 c4 30. Ref2 $19) 29... Rgd8 $19 30. Ree2
(30. Kg1 b4 31. axb4 cxb4 32. cxb4 axb4 $19) 30... b4 31. cxb4 (31. axb4 cxb4
32. cxb4 axb4 $19) 31... cxb4 32. axb4 axb4 33. Kg3 (33. Nc2 b3 34. Nb4 $19)
33... Rg8+ (33... R8d4 $142 $19) 34. Kh2 (34. Kh4 $142 $17) 34... b3 $4 (34...
Rc8 $142 $19) 35. Re1 $4 (35. Rf3 $142 Rd4 36. Nf5+ Bxf5 37. exf5 $15) 35...
Rgd8 $19 36. Ree2 R3d4 (36... h5 37. h4 Rc8 38. Re1 $19) 37. Nf1 $2 (37. Ng4
Bc4 38. Re3 $19) 37... Bc4 38. Re3 Bxf1 (38... Be6 $142 39. g4 Rc8 $19) 39.
Rxf1 Rd3 (39... Rb8 $142 40. Ra1 Rb7 $19) 40. Rff3 $11 Rxe3 41. Rxe3 Rb8 42. g4
Kf8 43. Kg3 Kg7 44. Kh4 Kg6 45. Rg3 Rb4 46. Re3 h6 47. Re1 Rd4 48. Re3 Rc4 49.
Kg3 h5 50. Kh4 hxg4 51. hxg4 Rd4 52. Kg3 Kg5 53. Kf3 Rb4 54. Rc3 $4 (54. Kg3
$142 Rd4 55. Kf3 $11) 54... Rb8 $19 55. Kg3 Rh8 56. Rxb3 (56. Rf3 Rh1 57. Rf5+
Kg6 $19) 56... Rh4 57. Rb7 (57. Rb5 Rxg4+ 58. Kf3 Rh4 $19) 57... Rxg4+ 58. Kf3
Rf4+ 59. Ke3 Kg6 (59... f5 $142 60. exf5 f6 $19) 60. b4 $11 f5 61. exf5+ Rxf5
62. Ke4 f6 63. b5 Rf4+ 64. Kd5 Rb4 65. Kc5 Rb1 66. b6 Kf5 67. Rb8 e4 68. b7 e3
69. Kc6 Kf4 70. Re8 Kf3 71. b8=Q Rxb8 72. Rxb8 e2 73. Re8 1/2-1/2

[Event "UW Open"]
[Site "?"]
[Date "1973.12.02"]
[Round "4"]
[White "Bailey, B."]
[Black "Scholz, F."]
[Result "1-0"]
[WhiteElo "1985"]
[BlackElo "2012"]
[Annotator "Stockfish 13 (15s)"]
[PlyCount "99"]
[EventDate "1973.??.??"]

{B97: Sicilian Najdorf: Poisoned Pawn} 1. e4 c5 2. Nf3 d6 3. d4 cxd4 4. Nxd4
Nf6 5. Nc3 a6 6. Bg5 e6 7. f4 Be7 8. Bd3 Qb6 9. Nb3 h6 10. Bxf6 Bxf6 11. Qd2
Nc6 (11... Bd7 12. O-O-O O-O 13. g4 Bxc3 14. Qxc3 a5 15. Be2 a4 16. Qd4 Qxd4
17. Nxd4 e5 18. Nf5 exf4 19. Rxd6 Be6 20. a3 Nc6 21. h4 Rfe8 22. Nd4 Nxd4 23.
Rxd4 Ra5 24. Rg1 g5 25. hxg5 hxg5 26. Rh1 {Kacalek,T-Nemec,M Brno 2004 0-1 (49)
}) 12. O-O-O $146 (12. Na4 Qc7 13. O-O O-O 14. Kh1 b5 15. Nc3 Bb7 16. Nd1 Rfd8
17. Rb1 Qb6 18. Nf2 a5 19. Ng4 Be7 20. Qe1 Nb4 21. f5 h5 22. f6 Nxd3 23. cxd3
hxg4 24. fxe7 Re8 25. Qh4 a4 26. Na1 Qe3 {
Cervinka,V (1830)-Schauer,J (2165) Klatovy 2001 0-1 (47)}) 12... O-O 13. h4 (
13. Kb1 $142 $14) 13... Rd8 $2 (13... Bd7 $142 14. Kb1 Rac8 $11) 14. g4 $16
Bxc3 15. Qxc3 (15. bxc3 $142 $5 d5 16. e5 $18) 15... Qe3+ $11 16. Qd2 Qxd2+ 17.
Rxd2 (17. Kxd2 Bd7 $14) 17... Nb4 (17... Kf8 $5 $11) 18. a3 $16 Nxd3+ (18...
Nc6 19. g5 $16) 19. Rxd3 (19. cxd3 $6 e5 20. f5 b6 $11) 19... Kf8 (19... a5 20.
Rhd1 d5 21. e5 $16) 20. Rhd1 (20. Na5 d5 $16) 20... Ke7 21. Na5 d5 22. g5 hxg5
23. hxg5 f6 $4 (23... Rd7 $142 24. exd5 Rxd5 25. Rxd5 exd5 26. Rxd5 Be6 $18)
24. gxf6+ $18 Kxf6 (24... gxf6 25. Rh1 Kd6 $18) 25. exd5 (25. e5+ $142 Ke7 26.
Rg1 $18) 25... Rxd5 26. Rxd5 exd5 27. Rxd5 Be6 $2 (27... b6 $142 28. Nb3 Ke7
$16) 28. Rd6 Ke7 29. Rd4 (29. Nxb7 $5 Rb8 30. Rb6 a5 $18) 29... b5 $4 (29...
Rb8 $142 $16) 30. Nc6+ $18 Kf8 31. a4 (31. Rd6 $142 Bf5 32. Nd4 $18) 31... g6
$4 (31... bxa4 32. Rxa4 Bd7 $18) 32. axb5 axb5 33. Rb4 (33. Rd6 $142 Re8 34.
Nd4 $18) 33... Bd7 34. Nd4 Ra4 $4 (34... Rb8 $142 $16) 35. Rxa4 $18 bxa4 36.
Kd2 (36. c4 $142 Ke7 37. c5 Kd8 $18) 36... Ke7 37. Kd3 Kd6 38. Kc4 Bg4 39. Nb5+
Ke6 40. Kd4 Bd1 (40... Kf5 41. Ke3 Ke6 $18) 41. c4 Kf5 42. Ke3 Ke6 43. c5 Bg4
44. Nc3 Bf5 45. Kd4 Bc2 46. Nd5 Bb3 47. Ne3 Kd7 48. Nc4 Bd1 (48... Bc2 49. Kc3
Bf5 50. Nb6+ Kc6 $18) 49. Ne5+ Ke6 50. Nxg6 1-0

[Event "Holiday Open"]
[Site "?"]
[Date "1973.12.15"]
[Round "1"]
[White "Bailey, B."]
[Black "Yantes, S."]
[Result "1-0"]
[WhiteElo "1985"]
[BlackElo "1480"]
[Annotator "Stockfish 13 (15s)"]
[PlyCount "35"]
[EventDate "1973.??.??"]

{B77: Sicilian Dragon: Yugoslav Attack, 9 Bc4 sidelines} 1. e4 c5 2. Nf3 d6 3.
d4 cxd4 4. Nxd4 Nf6 5. Nc3 g6 6. f3 Bg7 7. Bc4 O-O 8. Be3 Nc6 9. Qd2 Bd7 10. g4
Qb8 (10... Qa5 11. h4 Rfc8 12. Bb3 h5 13. gxh5 Nxh5 14. O-O-O Ne5 15. Rhg1 Nc4
16. Bxc4 Rxc4 17. Rg5 Rc5 18. Rxc5 dxc5 19. Nb3 Bxc3 20. Qxd7 Qxa2 21. bxc3 c4
22. Nd4 Qa5 23. Qxb7 Rd8 24. Kb2 Rd6 25. Nc6 {
Granda Zuniga,J (2475)-Ali,M Dubai 1986 1-0}) 11. h4 Rc8 $146 (11... b5 12. Bb3
(12. Nxc6 Bxc6 13. Bd5 Rc8 14. h5 Bxd5 15. exd5 b4 16. Ne2 Rc4 17. hxg6 hxg6
18. Bh6 Qf8 19. b3 Rc5 20. Bxg7 Qxg7 21. Kf2 Nxd5 22. Rae1 Rac8 23. Kg3 Qe5+
24. Nf4 Qxf4+ 25. Qxf4 Nxf4 26. Kxf4 e5+ {
Bagayatkar,M-Vojan,I (2066) Goa 2006 0-1 (63)}) 12... Nxd4 13. Bxd4 a5 14. a4
e6 15. h5 Rc8 16. hxg6 hxg6 17. Kf2 e5 18. Be3 Rxc3 19. bxc3 Bxg4 20. Rag1 bxa4
21. Bxa4 Bh5 22. Rb1 Qc8 23. Rbg1 d5 24. Bg5 Qc5+ 25. Qe3 d4 26. Qd3 {
Drosson,F (1880)-Plass,H Germany 1989 1-0 (37)}) (11... d5 $142 12. exd5 Nxd4
13. Bxd4 b5 $11) 12. Nxc6 $16 bxc6 13. O-O-O a5 $2 (13... d5 14. e5 Ne8 15. Bb3
$18) 14. h5 (14. Bh6 $142 Qb4 15. Bxg7 Kxg7 16. Bb3 $18) 14... c5 $4 (14... Qb4
$142 15. Bb3 a4 16. Nxa4 Rxa4 17. hxg6 Be6 18. gxh7+ Nxh7 $14) 15. hxg6 $18
hxg6 16. Bh6 Bh8 17. Qh2 (17. Bf8 $142 $1 Nh5 18. gxh5 Kxf8 19. hxg6 Bg7 20.
gxf7 d5 $18) 17... d5 (17... Qb4 18. Bg5 Bg7 $18) 18. Bf4 (18. Bf4 Bg7 19. Bxb8
Raxb8 20. e5 $18) 1-0

[Event "Holiday Open"]
[Site "?"]
[Date "1973.12.15"]
[Round "2"]
[White "Dean, R."]
[Black "Bailey, B."]
[Result "1-0"]
[WhiteElo "2168"]
[BlackElo "1985"]
[Annotator "Stockfish 14 (15s)"]
[PlyCount "103"]
[EventDate "1973.??.??"]

{C86: Closed Ruy Lopez: Worrall Attack} 1. e4 e5 2. Nf3 Nc6 3. Bb5 a6 4. Ba4
Nf6 5. O-O Be7 6. Qe2 b5 7. Bb3 d6 8. a4 Bd7 9. c3 (9. axb5 axb5 10. Rxa8 Qxa8
11. c3 O-O 12. d4 b4 13. dxe5 {
1/2-1/2 (13) Ninov,N (2493)-Shalamberidze,A (2419) St Lorrain 2005}) 9... O-O (
9... Na5 10. Bc2 c5 11. axb5 axb5 12. d4 Qb8 13. Rd1 O-O 14. Bg5 Bg4 15. dxe5
dxe5 16. Nbd2 Rd8 17. Nf1 Rxd1 18. Rxd1 h6 19. Bxf6 Bxf6 20. Ne3 Be6 21. Nd5
Bd8 22. Qe3 Nb7 23. b3 Ra3 24. h3 {
Tiviakov,S (2655)-Solozhenkin,E (2535) St Petersburg 1998 1-0 (37)}) 10. d4 Na5
$146 (10... b4 11. Bc2 bxc3 12. bxc3 Bg4 13. d5 Nb8 14. h3 Bc8 15. c4 Nfd7 16.
a5 Nc5 17. Be3 Nbd7 18. Nc3 Bf6 19. Nd2 Bg5 20. Na4 Bxe3 21. Qxe3 Nxa4 22. Bxa4
Nc5 23. Bc2 Qe7 24. Rab1 Bd7 25. Nb3 {
Kashdan,I-Ulvestad,O Los Angeles 1954 1-0 (63)}) (10... Qe8 11. axb5 axb5 12.
Rxa8 Qxa8 13. d5 Na5 14. Bc2 c6 15. dxc6 Bxc6 16. Nbd2 Nb7 17. b4 Nd8 18. Re1
Ne6 19. Nb3 Rc8 20. Na5 Bd7 21. Qd3 Qb8 22. h3 Qc7 23. Bd2 Nf4 24. Bxf4 exf4
25. e5 {Rasmussen,B-Kapstan,A (2255) Manitoba 1991 0-1 (45)}) (10... h6 $5 $11)
11. Bc2 $14 exd4 12. cxd4 (12. Nxd4 $6 c5 13. Nf3 Re8 $11) 12... bxa4 13. Bxa4
Bxa4 14. Rxa4 Nb3 15. e5 (15. Nc3 $5 $16) 15... Nxc1 (15... dxe5 16. dxe5 Nd5
17. Rc4 $11) 16. Rxc1 $14 Nd7 (16... Nd5 17. Nc3 dxe5 18. Nxe5 $14) 17. Rxa6 (
17. Rac4 Re8 18. e6 fxe6 19. Qxe6+ Kh8 $16) 17... Rxa6 $14 18. Qxa6 Qb8 (18...
dxe5 19. dxe5 Nc5 20. Qc6 $14) 19. Qa2 (19. Rc2 dxe5 20. Nxe5 Nxe5 21. dxe5 Rd8
$16) 19... dxe5 $14 20. dxe5 Qb6 $2 (20... Nc5 $142 $14) 21. Nc3 $18 Bc5 (21...
Qh6 $142 22. Rd1 Nb6 $18) 22. Nd5 Qh6 23. Rd1 (23. Qc4 $142 Qe6 24. b4 $18 (24.
Nxc7 $2 Qxc4 25. Rxc4 Rc8 $19)) 23... Bb6 $4 (23... Nb6 $142 24. Nxc7 Qc6 $18)
24. Qc4 (24. Ne7+ $142 Kh8 25. b4 Nb8 26. Qxf7 g5 (26... Rxf7 $4 27. Rd8+ Rf8
28. Rxf8#) 27. Nxg5 Bxf2+ 28. Kh1 Qg7 29. Qxg7+ Kxg7 30. Ne6+ Kf7 31. Nxf8 Kxe7
32. Nxh7 Nc6 $18) 24... Nc5 25. Ne7+ (25. Nxc7 $5 Bxc7 26. Qxc5 Qb6 $18) 25...
Kh8 26. h3 (26. g3 $142 Qe6 27. Nd5 Qd7 $18) 26... Ne6 27. Nd5 Rd8 (27... Qg6
28. Nxb6 cxb6 29. Qb4 $18) 28. Ra1 (28. Rd3 $142 $18) 28... Ng5 $4 (28... Qg6
$142 29. Nxb6 cxb6 $18) 29. Nxg5 Qxg5 30. Nxb6 cxb6 31. f4 (31. Qc7 $142 Re8
32. Qc6 $18) 31... Qg6 $4 (31... Qe7 32. Kh2 Kg8 $18) 32. Qc7 (32. Qd5 Rg8 (
32... Rxd5 $4 33. Ra8+ Rd8 34. Rxd8#) 33. Ra7 Qe6 34. Qxe6 fxe6 $18) 32... Rf8
(32... Rg8 33. Qd7 h6 $18) 33. Rd1 h6 34. Qd6 Qxd6 (34... Kg8 35. Qxg6 fxg6 $18
) 35. Rxd6 Rb8 36. Rd7 Kg8 37. Kf2 g5 (37... b5 38. Kf3 $18) 38. Ke3 gxf4+ 39.
Kxf4 Rc8 40. Rb7 (40. Rd6 $142 Rc2 41. b3 $18) 40... Rc2 $11 41. Rxb6 Rxg2 42.
b4 Rb2 $4 (42... h5 $142 $11) 43. b5 $18 Kg7 44. Rb7 Kg6 45. b6 (45. Rb6+ $142
Kg7 46. Kf5 $18) 45... Rb3 $4 (45... Rb4+ $142 46. Ke3 Kf5 $11) 46. Rb8 $18
Rb4+ 47. Ke3 Kf5 (47... h5 48. Kd3 h4 $18) 48. b7 h5 49. Kd3 h4 50. e6 $1 Kf6 (
50... Kxe6 51. Re8+ {Promotion}) (50... fxe6 51. Rf8+ {Promotion}) 51. exf7
Kxf7 52. Rh8 (52. Rh8 Rxb7 53. Rh7+ Kf6 54. Rxb7 Kg6 55. Ke4 Kf6 56. Rh7 Kg5
57. Ke5 Kg6 58. Rxh4 Kg7 59. Re4 Kg6 60. h4 Kh5 61. Kf5 Kh6 62. h5 Kxh5 63. Kf6
Kh6 64. Rh4#) 1-0

[Event "Holiday Open"]
[Site "?"]
[Date "1973.12.15"]
[Round "3"]
[White "Bailey, B."]
[Black "Brown, H."]
[Result "1-0"]
[WhiteElo "1985"]
[BlackElo "2073"]
[Annotator "Stockfish 14 (15s)"]
[PlyCount "83"]
[EventDate "1973.??.??"]

{C95: Closed Ruy Lopez: Breyer Variation with 10 d4} 1. e4 e5 2. Nf3 Nc6 3. Bb5
a6 4. Ba4 Nf6 5. O-O Be7 6. Re1 b5 7. Bb3 d6 8. c3 O-O 9. h3 h6 10. d4 Re8 11.
Nbd2 Bf8 12. Bc2 Bb7 13. d5 Nb8 14. b3 c6 15. c4 Nbd7 16. Nf1 Rc8 $146 (16...
Qc7 17. Be3 (17. Ng3 Rec8 18. Bd3 {
1/2-1/2 (18) Kallio,H (2469)-Gonzalez,Y (2482) Havana 2005}) 17... Rec8 18. Rc1
Qd8 19. Ng3 cxd5 20. cxd5 g6 21. Qd2 Kh7 22. a4 Nc5 23. axb5 axb5 24. b4 Na4
25. Bd3 Qd7 26. Rxc8 Bxc8 27. Ne2 Qb7 28. Qc2 Bd7 29. Nd2 Be7 30. Nb3 Bd8 31.
Qd2 {Karpov,A (2705)-Balashov,Y (2600) Munich 1979 1-0 (60)}) (16... bxc4 17.
bxc4 cxd5 18. cxd5 Nc5 19. Ng3 g6 20. Nh2 a5 21. a4 Ba6 22. Be3 Rb8 23. Qd2 Rb2
24. Qc3 Rb4 25. Bd2 Bg7 26. Qa3 Rc4 27. Qa2 Qc7 28. Nhf1 h5 29. f3 Rc8 30. Ne2
Nfd7 31. Kh1 {Ginzburg,M (2346)-Sanikidze,T (2364) Izmir 2004 0-1 (54)}) (16...
g6 17. Be3 Qc7 18. Qd2 Kh7 19. Rec1 Rec8 20. N3h2 Qd8 21. Ng4 h5 22. Nxf6+ Nxf6
23. Bg5 Be7 24. f4 cxd5 25. exd5 Nd7 26. Ng3 Kg7 27. Bxe7 Qxe7 28. Bf5 bxc4 29.
Bxd7 Qxd7 30. fxe5 Qe7 31. exd6 {
Rajlich,V (2364)-Markus,R (2452) Budapest 2001 1/2-1/2 (43)}) 17. Bb2 (17. Be3
a5 $14) 17... Qb6 18. Rb1 Qc7 19. Rc1 Qb6 20. Rb1 cxd5 (20... a5 21. Bc1 $11)
21. cxd5 $14 Rc7 (21... a5 $142 $14) 22. Qd2 (22. Bc1 $142 Rec8 23. Bd3 $16)
22... Rec8 $15 23. Rbc1 a5 {Black plans b4} 24. Bd3 Rxc1 25. Rxc1 Nc5 26. Ng3
Nxd3 (26... b4 $5 $15) 27. Qxd3 $11 b4 28. Rxc8 Bxc8 29. Bc1 Ba6 30. Qc2 g6 (
30... Bb5 31. Be3 Qb7 32. Nd2 $11) 31. Be3 $14 Qb5 $2 (31... Qb7 $142 $14) 32.
Qc7 $18 Nd7 $2 (32... Ne8 33. Qd8 $18) 33. Nd2 (33. Qd8 $142 Qb7 34. Nh4 $18)
33... a4 34. Nc4 (34. Qd8 $5 Qb7 35. Bxh6 axb3 36. Nxb3 Qb6 $18) 34... axb3 $16
35. axb3 Nc5 $4 (35... Qb7 $5 36. Qxb7 Bxb7 $16) 36. Nxd6 (36. Nb6 $142 Qe8 37.
Bxc5 dxc5 38. d6 $18) 36... Qd7 37. Qxc5 Bxd6 $4 (37... Qxd6 38. Qc2 h5 $18)
38. Qb6 Bd3 39. Bc5 Bxc5 (39... Qc7 40. Qxd6 Qxd6 41. Bxd6 $18) 40. Qxc5 Qb7 (
40... h5 41. Qxb4 f6 42. Qb8+ Kg7 43. h4 $18) 41. d6 Bxe4 (41... f6 42. Qe3 Bb5
43. Qxh6 Be8 $18) 42. Nxe4 (42. Nxe4 Qxe4 43. d7 Qd3 44. Qc8+ Kg7 45. d8=Q Qxd8
46. Qxd8 f5 47. Qe7+ Kg8 48. Qxe5 Kf8 49. f4 Kf7 50. h4 g5 51. fxg5 hxg5 52.
hxg5 f4 53. Kf2 f3 54. g4 Kg8 55. Qf6 Kh7 56. Qf8 Kg6 57. Qg8#) 1-0

[Event "Holiday Open"]
[Site "?"]
[Date "1973.12.16"]
[Round "4"]
[White "Stefurak, D."]
[Black "Bailey, B."]
[Result "1-0"]
[WhiteElo "2089"]
[BlackElo "1985"]
[Annotator "Stockfish 14 (15s)"]
[PlyCount "85"]
[EventDate "1973.??.??"]

{C84: Closed Ruy Lopez: Unusual White 6th moves} 1. e4 e5 2. Nf3 Nc6 3. Bb5 a6
4. Ba4 Nf6 5. d4 exd4 6. O-O Be7 7. Re1 O-O 8. e5 Nd5 9. c3 d6 (9... Nb6 10.
Bc2 d6 11. cxd4 dxe5 12. dxe5 Qxd1 13. Rxd1 Bg4 14. Be4 Nxe5 15. Bxb7 Rab8 16.
Bxa6 Nxf3+ 17. gxf3 Bxf3 18. Re1 Bf6 19. Nc3 Nd5 20. Nxd5 Bxd5 21. a4 Rb4 22.
h3 Rb3 23. Bf1 Bd4 24. Re2 {
Pichler,J (2425)-Smyslov,V (2535) Gelsenkirchen 1991 1/2-1/2}) 10. exd6 (10.
cxd4 Bg4 11. h3 Bh5 12. Nc3 Nb6 13. Bxc6 bxc6 14. Qd3 Bg6 15. Qe2 Re8 16. b3 d5
17. Bb2 c5 18. dxc5 Bxc5 19. Red1 c6 20. Rac1 Qe7 21. Nb1 a5 22. Nd4 Rac8 23.
Rxc5 Bxb1 24. Rxc6 Rxc6 {
Yurkov,A-Dudka,V (2124) Dnipropetrovsk 2004 1/2-1/2 (40)}) 10... cxd6 $146 (
10... Qxd6 11. Nxd4 Nxd4 12. cxd4 Bd7 13. Bxd7 Qxd7 14. Nc3 Bf6 15. Qb3 Nb6 16.
Be3 Rfe8 17. Red1 Rad8 18. Rac1 Qc8 19. a4 Qf5 20. g3 Qf3 21. Rd3 h5 22. a5 Nc8
23. Na4 Nd6 24. Rxc7 h4 25. Nc5 {Zeleny,T-Tuma,J Czechia 2000 1/2-1/2 (41)}) (
10... Qxd6 11. cxd4 Bf6 12. Nc3 $11) 11. Bxc6 (11. Nxd4 $142 $5 Bd7 12. Bb3 $14
) 11... bxc6 $15 12. Nxd4 Bd7 13. Na3 c5 14. Nf3 Bc6 15. Nc4 Re8 (15... h6 16.
Bd2 $17) 16. Qc2 (16. Bg5 f6 17. Bh4 Nb6 $11) 16... Qd7 (16... h6 17. Bd2 $17)
17. Bg5 (17. Na5 Ba4 18. Qd3 Nf6 $15) 17... Qg4 (17... Bxg5 $5 18. Nxg5 Nf6 $17
) 18. Bxe7 $15 Rxe7 19. Rxe7 Nxe7 20. Ne3 Qf4 21. Nd2 Re8 22. c4 (22. Qd3 Ng6
23. Rd1 h5 $11) 22... Ng6 (22... f5 23. Re1 $17) 23. Qf5 (23. Ndf1 $5 $15)
23... Qd4 $17 24. Qc2 $4 (24. Rd1 Qxb2 25. Ndf1 Qb8 $17 (25... Qxa2 $6 26. Rxd6
Be4 27. Qxc5 $11)) 24... Nh4 (24... Rxe3 $142 25. Nb3 Qd3 26. Qxd3 Rxd3 $19)
25. Ndf1 Qf4 (25... Qe5 $142 26. Rd1 f5 $17) 26. Qd2 $4 (26. Ng3 $142 $15)
26... Qg5 (26... h6 $142 27. f3 Qg5 $19) 27. Qxd6 $16 Bxg2 $4 (27... Nf3+ 28.
Kh1 Nd4 $14) 28. Qg3 (28. f4 $142 Qh5 29. Nxg2 $18) 28... Qxg3 (28... Bb7 $142
29. Nd5 h6 $17) 29. hxg3 $14 Bxf1 30. Kxf1 (30. gxh4 $143 Be2 31. Rc1 Kf8 $11)
30... Nf3 31. Ke2 (31. Rd1 $142 $5 Kf8 32. Kg2 $14) 31... Nd4+ $11 32. Kd3 h5 (
32... a5 $142 $11) 33. b4 $16 Ne6 (33... Rd8 $5 34. Nd5 Ne6 $16) 34. b5 $18
Rd8+ 35. Kc3 axb5 $4 (35... Kf8 $142 $18) 36. cxb5 Ra8 (36... Rd4 37. a4 Nc7
38. b6 $18) 37. a4 g5 (37... Ra5 38. Nc4 Ra8 39. a5 $18) 38. a5 h4 (38... Nf8
39. Kc4 $18) 39. a6 (39. b6 Nd8 40. a6 h3 $18) 39... h3 (39... Nf8 40. Kc4 Nd7
41. Kd5 $18) 40. b6 h2 (40... Nd8 41. Kc4 h2 $18) 41. b7 Rxa6 (41... Nc7 42. a7
Kg7 43. b8=Q Rxa7 44. Rh1 Ra3+ 45. Kb2 Rxe3 46. fxe3 Ne6 47. Rxh2 Kf6 48. Rf2+
Ke7 49. Qb7+ Kd6 50. Qxf7 c4 51. Rf6 Kc5 52. Rxe6 Kb5 53. Qf5+ Ka4 54. Ra6+ Kb4
55. Qa5#) 42. b8=Q+ Kg7 (42... Nf8 43. Rh1 Ra3+ 44. Kb2 Ra5 45. Qb6 Ra4 46. Qh6
f6 47. Nf5 Kf7 48. Re1 Rb4+ 49. Ka3 Ne6 50. Qh7+ Kf8 51. Qe7+ Kg8 52. Qxe6+ Kh8
53. Qxf6+ Kg8 54. Qg7#) 43. Rh1 (43. Rh1 Ra3+ 44. Kb2 Rxe3 45. fxe3 c4 46. Rxh2
c3+ 47. Kxc3 Kg6 48. e4 Kf6 49. Rh6+ Ke7 50. e5 Kd7 51. Qd6+ Kc8 52. Rh8+ Nd8
53. Qe7 g4 54. Rxd8#) 1-0